000
00299nam a22001337a 4500
008
260211b ||||| |||| 00| 0 eng d
020
_a
9788853621061
041
_a
eng
080
_a
019318
100
_a
20
101
_a
ital
245
_a
Evviva Roma
_c
Letture Graduate Giovani
942
_2
lcc
_c
BK
999
_c
60764
_d
60764